|
|
|
|
| LEADER |
00000cas a2200000 a 4500 |
| 001 |
vtls011746840 |
| 003 |
SK-MaSNL |
| 005 |
20260228162347.0 |
| 008 |
180319d20182018xo zr|ne 0 b0slo |
| 022 |
|
|
|a 2585-870X
|
| 040 |
|
|
|a SNK
|b slo
|c SNK
|e AACR2
|
| 041 |
0 |
|
|a slo
|
| 043 |
|
|
|a e-xo---
|
| 044 |
|
|
|a xo
|c SK
|
| 072 |
|
7 |
|a 352/354
|x Stupne miestnej, oblastnej a ústrednej správy
|2 konspekt
|
| 072 |
|
7 |
|a 316.7
|x Sociológia kultúry. Kultúrny život
|2 konspekt
|
| 072 |
|
7 |
|a 394
|x Verejný a spoločenský život. Každodenný život
|2 konspekt
|
| 080 |
|
|
|a 353.9
|2 2011
|
| 080 |
|
|
|a 316.728
|2 2011
|
| 080 |
|
|
|a 394
|2 2011
|
| 080 |
|
|
|a 050
|2 2011
|
| 080 |
|
|
|a (437.6)
|2 2011
|
| 080 |
|
|
|a (051)+(054)
|2 2011
|
| 210 |
0 |
|
|a Bardejovské slovo
|
| 222 |
|
0 |
|a Bardejovské slovo
|
| 245 |
0 |
0 |
|a Bardejovské slovo
|b poznaj svoje mesto
|
| 260 |
|
|
|a Bardejov
|b Ján Nagajda, dp.r.a.
|c 2018-2018
|
| 300 |
|
|
|a 1 zv.
|c 40 cm
|
| 310 |
|
|
|a Občasník
|
| 362 |
0 |
|
|a Roč. 1, č. 1 (2018)-roč. 1, č. 4 (2018)
|
| 500 |
|
|
|a Registračné č.: EV 5624/18
|
| 500 |
|
|
|a Šéfredaktor: Ján Nagajda
|
| 650 |
0 |
7 |
|a územná samospráva
|2 SNKPH
|9 802
|
| 650 |
0 |
7 |
|a každodenný život
|2 SNKPH
|9 4946
|
| 651 |
|
7 |
|a Bardejov (Slovensko)
|2 SNKPHgeo
|9 20040
|
| 655 |
|
7 |
|a miestne periodiká
|2 SNKPH
|9 160938
|
| 700 |
1 |
|
|a Nagajda, Ján,
|d 1949-
|4 pbd
|9 121893
|
| 910 |
|
|
|a snk
|
| 999 |
|
|
|c 7697
|d 9627
|
| 952 |
|
|
|0 0
|1 0
|4 0
|7 0
|8 0
|a SNK
|b SNK
|d 2020-09-17
|i snk2020/16309
|l 0
|o snkČSA 1505/1/2018
|p 17A1431518
|r 2026-02-21 22:15:47
|t č. 1-4
|w 2026-02-21
|y PREZ
|